Statystyki dla 200 największych miast w Polsce

Kliknij tutaj aby rozwiązać quiz!

Ogólne statystyki

  • Ten quiz został rozwiązany 224 razy
  • Średni wynik to 79 z 200

Statystyki odpowiedzi

LudnośćOdpowiedź% Poprawnych
1 777 972Warszawa
98%
466 631Gdańsk
95%
771 069Kraków
95%
246 309Gdynia
93%
536 438Poznań
93%
402 465Szczecin
93%
640 648Wrocław
93%
294 510Katowice
92%
685 285Łódź
90%
339 682Lublin
88%
297 459Białystok
87%
350 178Bydgoszcz
86%
128 137Opole
86%
191 564Rzeszów
84%
36 046Sopot
82%
202 074Toruń
82%
195 774Kielce
80%
140 297Zielona Góra
80%
222 292Częstochowa
78%
172 362Olsztyn
78%
213 029Radom
78%
123 921Gorzów Wielkopolski
76%
202 036Sosnowiec
71%
46 367Kołobrzeg
70%
120 142Elbląg
69%
179 806Gliwice
69%
109 062Tarnów
67%
173 374Zabrze
67%
27 191Zakopane
67%
171 259Bielsko-Biała
66%
120 000Płock
66%
69 827Suwałki
63%
73 114Inowrocław
62%
166 795Bytom
61%
61 928Ełk
61%
107 321Koszalin
61%
83 896Nowy Sącz
61%
120 259Dąbrowa Górnicza
58%
99 752Legnica
58%
72 581Lubin
58%
73 398Piła
58%
108 434Chorzów
57%
79 480Jelenia Góra
57%
62 670Chełm
56%
100 975Kalisz
56%
110 802Włocławek
56%
74 151Konin
55%
112 594Wałbrzych
55%
73 670Piotrków Trybunalski
54%
138 696Rybnik
54%
127 831Tychy
54%
63 813Zamość
54%
40 910Świnoujście
52%
68 479Gniezno
51%
95 045Grudziądz
50%
61 784Pruszków
50%
23 644Sandomierz
50%
61 251Przemyśl
49%
77 872Siedlce
49%
63 952Leszno
48%
38 570Malbork
48%
138 000Ruda Śląska
48%
91 007Słupsk
48%
47 047Tarnobrzeg
48%
57 352Biała Podlaska
47%
63 000Łomża
47%
57 432Bełchatów
45%
46 511Krosno
45%
67 938Stargard
43%
23 056Jawor
42%
61 062Kędzierzyn-Koźle
42%
72 050Ostrów Wielkopolski
42%
91 563Jaworzno
41%
52 262Ostrołęka
41%
61 182Stalowa Wola
41%
67 615Głogów
40%
30 242Augustów
39%
60 478Mielec
39%
33 373Nowy Targ
39%
69 051Ostrowiec Świetokrzyski
39%
37 577Sanok
39%
60 279Tczew
38%
39 904Chojnice
37%
54 066Legionowo
37%
47 776Starogard Gdański
37%
49 789Wejherowo
37%
62 456Żory
37%
56 804Będzin
36%
89 128Jastrzębie-Zdrój
36%
33 250Iława
35%
44 172Kutno
35%
38 300Oświęcim
35%
61 356Tarnowskie Góry
35%
44 209Ciechanów
34%
48 119Piaseczno
34%
74 586Mysłowice
33%
44 044Nysa
33%
44 880Otwock
33%
47 774Puławy
33%
48 178Skierniewice
33%
40 114Szczecinek
33%
35 930Brzeg
31%
45 187Dębica
31%
29 396Giżycko
31%
37 690Jarosław
31%
38 843Nowa Sól
31%
65 283Pabianice
31%
46 087Radomsko
31%
49 031Rumia
31%
67 154Siemianowice Śląskie
31%
48 965Starachowice
31%
37 682Żary
31%
56 529Zgierz
30%
31 505Grodzisk Mazowiecki
29%
35 192Jasło
29%
28 501Łowicz
29%
32 996Ostróda
29%
42 267Sieradz
29%
62 649Tomaszów Mazowiecki
29%
49 567Zawiercie
29%
31 388Żywiec
29%
32 685Police
28%
23 395Wieliczka
28%
48 143Wodzisław Śląski
28%
39 992Żyrardów
28%
34 613Cieszyn
27%
40 799Mińsk Mazowiecki
27%
55 299Piekary Śląskie
27%
45 358Skarżysko-Kamienna
27%
50 012Świętochłowice
27%
30 521Zgorzelec
27%
54 882Racibórz
26%
30 558Września
26%
26 954Kłodzko
25%
31 234Mława
25%
57 310Świdnica
25%
38 935Bolesławiec
24%
40 813Mikołów
24%
35 608Olkusz
24%
22 487Polkowice
24%
23 343Szczytno
24%
37 138Wołomin
24%
23 661Kluczbork
23%
27 366Kętrzyn
22%
38 841Kwidzyn
22%
35 367Lębork
22%
28 647Nowy Dwór Mazowiecki
22%
32 927Oława
22%
30 878Pruszcz Gdański
22%
36 462Sochaczew
22%
39 312Świdnik
22%
22 521Wieluń
22%
25 812Żagań
22%
28 774Brodnica
21%
25 810Reda
21%
27 109Turek
21%
25 359Wałcz
21%
23 312Środa Wielkopolska
20%
42 049Zduńska Wola
20%
36 945Chrzanów
19%
22 403Goleniów
19%
23 759Kościerzyna
19%
29 714Śrem
19%
26 391Biłgoraj
18%
29 922Bochnia
18%
33 914Marki
18%
31 762Myszków
18%
37 242Oleśnica
18%
22 163Płońsk
18%
25 829Pszczyna
18%
30 433Swarzędz
18%
25 831Świecie
18%
26 890Wyszków
18%
36 706Ząbki
18%
31 677Czeladź
17%
33 344Dzierżoniów
17%
34 539Kraśnik
17%
22 545Ostrów Mazowiecka
17%
24 339Białogard
16%
25 370Bielsk Podlaski
16%
35 919Czechowice-Dziedzice
16%
27 597Gorlice
16%
31 783Luboń
16%
30 025Łuków
16%
26 256Jarocin
15%
38 402Knurów
14%
23 923Kościan
14%
28 969Krotoszyn
14%
22 166Zambrów
14%
23 609Bartoszyce
13%
25 648Wągrowiec
13%
23 818Lubliniec
12%
22 657Piastów
11%
22 830Świebodzice
11%
30 055Bielawa
10%
23 706Kobyłka
9%
28 266Czerwionka-Leszczyny
8%
24 362Skawina
8%
22 334Łaziska Górne
7%
22 246Nowa Ruda
5%

Rozkład punktacji

Percentyl według liczby udzielonych odpowiedzi

Procent ludzi z każdym wynikiem

Twoja historia wyników

Nie rozwiązałeś tego quizu